| 000 | 01104nam0a22002771 4500 | ||
|---|---|---|---|
| 001 | rc\3558392 | ||
| 005 | 20130115140012.9 | ||
| 021 |
_aRU _b77-9389 |
||
| 021 |
_aRU _bРг4919-77 |
||
| 035 | _a(NLR Aleph) 007684113 | ||
| 090 |
_a6570263 _c6570263 |
||
| 100 | _a20130115d1976 |||y0rusy50 ca | ||
| 101 | 0 | _arus | |
| 102 | _aRU | ||
| 105 | _aa z ||||| | ||
| 200 | 1 |
_aТехнология ввода травяной муки в комбикорма _fВДНХ СССР. М-во заготовок СССР ЦНИИ информации и техн.-экон. исследований |
|
| 210 |
_aМосква _cБ. и. _d1976 |
||
| 215 |
_a7 с. _cсхем. _d22 |
||
| 300 | _aАвт. указан в вып. дан. | ||
| 700 | 1 |
_aКожарова _bЛ. С. _gЛилия Сергеевна |
|
| 712 | 0 | 2 |
_aЦНИИ информации и технико-экономических исследований Министерства заготовок СССР _3RU\NLR\AUTH\8810166106 |
| 801 | 0 |
_aRU _bNLR _gpsbo |
|
| 801 | 1 |
_aRU _bELAR _2rusmarc |
|
| 852 |
_aNLR _j77-6/2369 |
||
| 942 | _cBOOK | ||
| 980 | _aNB | ||